[Event "Corus-B"]
[Site "Wijk aan Zee"]
[Date "2001.01.25"]
[Round "8"]
[White "Radjabov, Teimour"]
[Black "Nijboer, Friso"]
[Result "1-0"]
[WhiteElo "2483"]
[BlackElo "2578"]
[Annotator "Tsesarsky,I"]
[PlyCount "137"]
[EventDate "2001.01.13"]
[EventType "tourn"]
[EventRounds "11"]
[EventCountry "NED"]
[EventCategory "10"]
[SourceTitle "CBM 081"]
[Source "ChessBase"]
[SourceDate "2001.03.20"]
[SourceVersion "1"]
[SourceVersionDate "2001.03.20"]
[SourceQuality "1"]

1. d4 {Hecht} Nf6 2. c4 g6 3. Nc3 Bg7 4. e4 d6 5. Be2 O-O 6. Nf3 e5 7. O-O Nc6
8. d5 Ne7 9. b4 Nh5 10. Re1 f5 11. Ng5 Nf6 12. f3 $1 ({Another mainline} 12.
Bf3 {now is not so popular.}) 12... c6 {Here White can choose between} 13. Be3
$5 ({and} 13. Kh1 $5 Kh8 14. b5 $1 {-see commented game 1-0 Bacrot,E-Motylev,A/
Linares 2001/CBM 81_01 (39)(Tsesarsky)}) 13... Bh6 14. h4 {This continuation
looks more logical.} ({Of course, worth of attention also} 14. Bd2 Kg7 (14...
f4 {-see comments to the game 1-0 Lobron,E-Barcenilla,R/Yerevan 1996/EXT 97/
[Gutman] (54)}) (14... cxd5 15. cxd5 fxe4 16. fxe4 Qb6+ {1/2-1/2 Panno,
O-Ricardi,P/Buenos Aires 1995/CBM 49 (16)}) 15. Qb3 Nh5 16. Rad1 Nxd5 17. exd5
Bxg5 18. Bxg5 Qxg5 19. dxc6 Nf4 20. g3 bxc6 21. Rxd6 $14 {0-1 Pogorelov,
R-Avrukh,B/Linares 1997/CBM 58 (43). 1-0 Bacrot,E-Motylev,A/Linares 2001/CBM
81_01/ (39)}) ({and} 14. c5 $5 f4 15. cxd6 fxe3 16. dxe7 Qxe7 17. d6 Qd8 18.
Bc4+ Kg7 19. Ne6+ Bxe6 20. Bxe6 Qb6 21. Ne2 Rad8 22. Qd3 Qxb4 23. Red1 $44 {
1-0 Bareev,E-Balcerak,J/Luebeck GER 2001/The Week in Chess 325 (50)}) 14...
cxd5 15. cxd5 ({Interesting is also} 15. exd5 f4 {[%csl Ge4]} 16. Bf2 Bxg5 17.
hxg5 Nh5 18. c5 $1 Nf5 19. Ne4 Nfg3 20. Bxg3 $1 (20. Bc4 $6 Nxe4 21. Rxe4 Bf5
22. Re1 Qxg5 $15 {0-1 Bosboom,M-Nijboer,F/Wijk aan Zee 1997/CBM 60 ext (30)})
20... Nxg3 21. Nxd6 $16) 15... f4 16. Bf2 Bxg5 $5 17. hxg5 {[%csl Rg5] Black
wants to surround and to capture Pg5, but it is not easy. Ne7 obstructs Qd8-g5,
White has enough time for pressure increasing on the queenside.} Nh5 ({Or} 
17... Ne8 18. Rc1 Bd7 19. Bb5 Bxb5 20. Nxb5 Nc8 21. Qa4 Rf7 22. Rc2 Qxg5 23.
Rec1 $14 {1-0 Astrom,R-Degerman,L/Linkoping 1996/EXT 99 (32)}) 18. Rc1 (18. Qc1
$5 Kh8 19. Nb5 $14) 18... Ng3 19. Qd2 Bd7 $2 $16 (19... Nxe2+ $142 20. Qxe2 Bd7
21. Nb5 $14) 20. Bb5 $1 Bc8 {Black recognizes his mistake on the previous move.
} ({More logical was, however,} 20... a5 21. Bxd7 Qxd7 22. b5 $1 $16) 21. Ne2 (
21. Rc2 $5 a6 22. Bd3 Bd7 {-like in this game.} 23. Rec1 $16) 21... Bd7 22. Nc3
Bc8 23. Rc2 a6 24. Bd3 Bd7 25. Ne2 $6 {Ng3 is not so dangerous. White has
space advantage, so he mast avoid of pieces exchange.} ({Better was} 25. Rec1
$16 {[%csl Rg3][%cal Gd2e1] with serious pressure on the queenside.}) 25...
Nxe2+ 26. Bxe2 Ba4 27. Rc3 Qd7 ({Or} 27... Nc8 28. Rec1 Qxg5 29. Rc7 Rb8 30. b5
axb5 31. Qb4 Rd8 32. Bxb5 Bxb5 33. Qxb5 $16 {[%csl Rb7]}) 28. Rec1 Rac8 29. Bf1
Rxc3 30. Rxc3 Rc8 31. g3 $1 {White wants to open position for his pair of
bishops.} fxg3 32. Bxg3 Bb5 33. Bg2 $1 {[%cal Gg1h2,Gg2h3] No more pieces
exchange!} Rxc3 34. Qxc3 Nc8 35. Kh2 {[%cal Gg2h3]} Qd8 36. f4 $1 {Opening
position plan continuation.} exf4 37. Bxf4 Bd7 38. Bc1 {[%csl Rg8][%cal Gc1b2]}
Kf7 (38... Qe7 39. Bb2 $16) 39. Qg3 {[%cal Gc1b2,Gb2f6,Ge4e5]} Qh8 (39... Qf8
40. a3 $1 $16 (40. e5 $2 {[%csl Rb4]} dxe5 41. Qxe5 Qxb4 42. Qf6+ Ke8 43. Qh8+
Qf8 44. Qxh7 Kd8 45. Qxg6 Qh8+ 46. Qh6 Qe5+ 47. Kg1 Qe1+ 48. Kh2 Qe5+ $11 (
48... Qxc1 49. Qf8+ Kc7 50. g6 Nd6 51. g7 Qh6+ $11))) 40. Qf2+ Ke8 41. Bb2 Qf8
42. Bf6 h6 43. e5 Bf5 $6 $18 (43... dxe5 $2 44. Be4 $1 (44. Qe3 hxg5 45. Qxe5+
Kf7 46. Bxg5 Qd6 $11) 44... Ne7 45. Qb2 (45. d6 Nf5 46. Qb6 Qxd6 47. Qxd6 Nxd6
48. Bxg6+ $18 {[%cal Gg5h6]}) 45... hxg5 46. Qxe5 $18 {[%cal Gd5d6]}) ({
The only possibility of resistance was} 43... hxg5 $1 44. e6 $16) 44. Bh3 $1 {
The best advantage realisation plan. The endgame is lost for Black.} (44. e6 $6
$16) 44... Bxh3 45. Kxh3 hxg5 46. Qc2 Kf7 (46... Ne7 47. Qc7 Nxd5 48. Qd8+ Kf7
49. e6+ Kg8 50. e7 Nxe7 51. Bxe7 $18) 47. Kg4 $1 $18 {The king is an active
piece in the endgame.} Ne7 ({After} 47... dxe5 {White wins by force:} 48. Kxg5
Qxb4 49. Qxg6+ Kf8 50. Bg7+ Ke7 51. Qe6+ Kd8 52. Bf6+ Ne7 (52... Kc7 53. Bxe5+
Kd8 54. d6 $18) 53. d6 $18) 48. e6+ $1 Kg8 (48... Kxf6 49. Qc3#) 49. Kxg5 Qc8
50. Qxc8+ $6 ({Immediately wins} 50. Qd1 $1 $18 {[%csl Re7,Rg8][%cal Gd1h1]})
50... Nxc8 51. Kxg6 {Hecht: '[#] Schwarz scheitert trotz Pattscherz am zu
großen Raummangel und dem an den Rand gequetschten König. '} Kf8 (51... Nb6 52.
e7 $18) 52. Bd8 {[%csl Rc8]} Ke8 53. e7 $1 Na7 (53... Nxe7+ 54. Bxe7 Kxe7 55.
a4 $18) (53... b5 {Hecht} 54. Kf6 Na7 55. Ke6 Nc8 56. a3 $18) 54. a4 {[%csl
Ra7]} Nc8 {Black N is well restricted.} 55. Kf6 b6 56. Ke6 b5 57. a5 Nxe7 {
Hecht: 'Der Pattwitz, der nicht zieht.'} 58. Bb6 (58. Bc7 Ng6 59. Bxd6 Kd8 60.
Bg3 $18) (58. Bxe7 $4 $11) 58... Ng6 (58... Nc8 {Hecht} 59. Bc7 Ne7 60. Bxd6
$18) 59. Kxd6 Nf4 60. Bc5 Kd8 61. Kc6 Nd3 62. Bd6 Kc8 63. Kb6 Kd7 64. Bf8 Nf4
65. Kxa6 Kc7 (65... Nxd5 66. Kb7 $18) 66. d6+ {'!' Hecht. Hecht: 'Weiß vergißt
nicht, dass er den "falschen" Läufer hat.'} (66. Kxb5 $2 {Hecht} Nxd5 67. a6
Nxb4 (67... Kb8 $11) 68. Bd6+ Kxd6 69. a7 Nd5 70. a8=Q Nc7+ $11) 66... Kc6 67.
Ka7 Ne6 68. Be7 Nd4 69. a6 1-0

[Event "Valle d'Aosta op 9th"]
[Site "Saint Vincent"]
[Date "2001.02.03"]
[Round "1"]
[White "Scerbo, Antonio"]
[Black "Radjabov, Teimour"]
[Result "1/2-1/2"]
[WhiteElo "2095"]
[BlackElo "2483"]
[PlyCount "83"]
[EventDate "2001.02.03"]
[EventType "swiss"]
[EventRounds "9"]
[EventCountry "ITA"]
[SourceTitle "CBM 080 Extra"]
[Source "ChessBase"]
[SourceDate "2001.03.08"]
[SourceVersion "1"]
[SourceVersionDate "2001.03.08"]
[SourceQuality "1"]

1. d4 Nf6 2. c4 g6 3. Nc3 Bg7 4. e4 d6 5. Nf3 O-O 6. h3 c5 7. Be3 cxd4 8. Nxd4
Nc6 9. Be2 Bd7 10. O-O Rc8 11. Rc1 a6 12. Qd2 Nxd4 13. Bxd4 Bc6 14. Bf3 Nd7 15.
Bxg7 Kxg7 16. Qd4+ Kg8 17. Rfd1 f5 18. Nd5 Ne5 19. Be2 f4 20. f3 Nd7 21. b4 b6
22. b5 axb5 23. cxb5 Bxd5 24. Qxd5+ Kg7 25. Rc6 Ne5 26. Qd4 Rxc6 27. bxc6 Qa8
28. Rc1 Qxa2 29. c7 Qxe2 30. c8=Q Rxc8 31. Rxc8 Qe1+ 32. Kh2 b5 33. Rb8 Kh6 34.
Rb7 b4 35. Qxb4 Qg3+ 36. Kh1 Nd3 37. Qd2 Nf2+ 38. Kg1 Nxh3+ 39. Kh1 Nf2+ 40.
Kg1 Nh3+ 41. Kh1 Nf2+ 42. Kg1 1/2-1/2

[Event "Valle d'Aosta op 9th"]
[Site "Saint Vincent"]
[Date "2001.02.05"]
[Round "3"]
[White "Belotti, Bruno"]
[Black "Radjabov, Teimour"]
[Result "0-1"]
[WhiteElo "2440"]
[BlackElo "2483"]
[PlyCount "72"]
[EventDate "2001.02.03"]
[EventType "swiss"]
[EventRounds "9"]
[EventCountry "ITA"]
[SourceTitle "CBM 080 Extra"]
[Source "ChessBase"]
[SourceDate "2001.03.08"]
[SourceVersion "1"]
[SourceVersionDate "2001.03.08"]
[SourceQuality "1"]

1. e4 e6 2. d4 d5 3. Nc3 Nf6 4. Bg5 dxe4 5. Nxe4 Be7 6. Bxf6 gxf6 7. Nf3 a6 8.
c4 f5 9. Nc3 Bf6 10. Qd2 c5 11. d5 O-O 12. O-O-O e5 13. h4 b5 14. d6 Be6 15.
Nd5 Bxd5 16. Qxd5 Nd7 17. Nd2 Bg7 18. Rh3 Qf6 19. cxb5 Rab8 20. Qc6 e4 21. Rc3
Qd8 22. Rc2 axb5 23. Qc7 Qe8 24. Nb3 Qe6 25. Nxc5 Nxc5 26. Qxc5 Qxa2 27. g4
fxg4 28. Kd2 Qe6 29. Bxb5 g3 30. fxg3 e3+ 31. Ke1 Qh3 32. Bf1 Qxg3+ 33. Ke2
Qf2+ 34. Kd3 Rb3+ 35. Rc3 Rxc3+ 36. bxc3 e2 0-1

[Event "Valle d'Aosta op 9th"]
[Site "Saint Vincent"]
[Date "2001.02.09"]
[Round "7"]
[White "Eingorn, Vereslav S"]
[Black "Radjabov, Teimour"]
[Result "1-0"]
[WhiteElo "2589"]
[BlackElo "2483"]
[PlyCount "101"]
[EventDate "2001.02.03"]
[EventType "swiss"]
[EventRounds "9"]
[EventCountry "ITA"]
[SourceTitle "CBM 080 Extra"]
[Source "ChessBase"]
[SourceDate "2001.03.08"]
[SourceVersion "1"]
[SourceVersionDate "2001.03.08"]
[SourceQuality "1"]

1. d4 e6 2. c4 f5 3. Nf3 Nf6 4. Nc3 d5 5. Bg5 Be7 6. e3 c6 7. Bd3 O-O 8. O-O
Ne4 9. Bxe7 Qxe7 10. Rc1 Nd7 11. Ne2 Kh8 12. a3 Nd6 13. Qc2 g5 14. Ne5 Qg7 15.
c5 Ne4 16. f4 gxf4 17. Nxd7 Bxd7 18. Bxe4 fxe4 19. Nxf4 Rf5 20. Rf2 Raf8 21.
Qc3 Kg8 22. Rcf1 e5 23. dxe5 Qxe5 24. Qxe5 Rxe5 25. Rd1 b6 26. Rc2 Rb8 27. b4
b5 28. Rf1 Rf5 29. Rcf2 a5 30. g4 Rff8 31. Nh5 Rxf2 32. Rxf2 Be6 33. h3 axb4
34. axb4 Bf7 35. Ng3 Re8 36. Nf5 Re6 37. Kh2 Be8 38. Kg3 Rf6 39. Rd2 Bd7 40.
Nd4 Kg7 41. h4 Rf7 42. Rf2 Re7 43. g5 Re8 44. Rf6 Ra8 45. Kf4 Ra4 46. Rd6 Be8
47. Nf5+ Kf8 48. Rd8 Ra7 49. Nd6 Re7 50. h5 d4 51. Nxe8 1-0

[Event "Alushta Spring"]
[Site "Alushta"]
[Date "2001.03.08"]
[Round "?"]
[White "Rogovski, Vladimir"]
[Black "Radjabov, Teimour"]
[Result "0-1"]
[WhiteElo "2446"]
[BlackElo "2483"]
[PlyCount "72"]
[EventDate "2001.03.08"]
[EventType "tourn"]
[EventRounds "11"]
[EventCountry "UKR"]
[EventCategory "8"]
[SourceTitle "EXT 2002"]
[Source "ChessBase"]
[SourceDate "2001.11.25"]
[SourceVersion "1"]
[SourceVersionDate "2001.11.25"]
[SourceQuality "1"]

1. d4 Nf6 2. c4 g6 3. Nc3 Bg7 4. e4 d6 5. Nf3 O-O 6. Be2 e5 7. O-O Nc6 8. d5
Ne7 9. Ne1 Nd7 10. Be3 f5 11. f3 f4 12. Bf2 g5 13. Nd3 Rf6 14. c5 Rh6 15. Rc1
a6 16. c6 bxc6 17. dxc6 Nf8 18. Nb4 Qe8 19. Kh1 Ne6 20. Ncd5 Nxd5 21. Nxd5 Kh8
22. b4 Qf7 23. Qd3 Nd4 24. Bd1 Be6 25. Re1 Rf8 26. Qxa6 g4 27. fxg4 f3 28. Bg3
Bxg4 29. Qd3 fxg2+ 30. Kxg2 Nf3 31. Rf1 Bh3+ 32. Kh1 Bxf1 33. Qxf1 Qg6 34. Qg2
Nxh2 35. Bxh2 Rxh2+ 36. Kxh2 Qh6+ 0-1

[Event "Dos Hermanas-A"]
[Site "Dos Hermanas"]
[Date "2001.04.19"]
[Round "1"]
[White "Krasenkow, Michal"]
[Black "Radjabov, Teimour"]
[Result "0-1"]
[WhiteElo "2655"]
[BlackElo "2533"]
[Annotator "Tsesarsky,I"]
[PlyCount "80"]
[EventDate "2001.04.19"]
[EventType "tourn"]
[EventRounds "9"]
[EventCountry "ESP"]
[EventCategory "16"]
[SourceTitle "CBM 083"]
[Source "ChessBase"]
[SourceDate "2001.07.05"]
[SourceVersion "1"]
[SourceVersionDate "2001.07.05"]
[SourceQuality "1"]

1. Nf3 Nf6 2. d4 g6 3. c4 Bg7 4. Nc3 O-O 5. e4 d6 6. h3 e5 7. d5 Nbd7 8. Bg5 h6
9. Be3 Nc5 10. Nd2 a5 11. a3 Ne8 12. b4 axb4 (12... Na6 13. Nb3 $14 {1-0
Andonovski,L-Gamboa,N/Santa Clara 1998/EXT 99 (28)}) (12... Nd7 13. g4 f5 14.
gxf5 gxf5 15. exf5 Ndf6 16. Rg1 $14 {1/2-1/2 Breutigam,M-Polzin,R/Germany 1999/
EXT 2000 (42)}) 13. axb4 Rxa1 14. Qxa1 Nd7 $146 {Disadvantage of white's
position is not reliable K position. The last move's idea is to use Nd7 in
eventual activity on the kingside.} ({In another case -} 14... Na6 {[%csl Ra6]
-N is in offside.} 15. Qa3 f5 16. Nb3 Nf6 (16... b6 17. c5 bxc5 18. bxc5 Nxc5
19. Nxc5 dxc5 20. Bxc5 Nd6 21. Bd3 $14 {1/2-1/2 Kuraszkiewicz,M-Schultz,A/
Germany 1999/GER-chT2 (53)}) (16... Nb8 $2 17. c5 $16 {-see commented game 1-0
Beliavsky,A-Khalifman,A/Ubeda 1997/CBM 58 [Beliavsky,A] (35)}) 17. c5 $5 ({
I would prefer more safety} 17. Bd3 $5 $14 {[%csl Ge4]}) 17... fxe4 18. Nd2 g5
19. c6 (19. Bc4 Nb8 $44) 19... bxc6 20. Bxa6 Bxa6 21. Qxa6 cxd5 22. Ba7 Kh8 23.
O-O {1/2-1/2 Agrest,E-Hall,J/Ronneby 1998/EXT 99 (41) - with very complicated
position where Black has sufficient counterplay.}) 15. c5 $5 ({Worth of
attention also} 15. g4 $1 {-the main idea of h2-h3 move!} f5 16. gxf5 gxf5 17.
exf5 $14 {[%cal Gf1d3,Gh1g1]}) 15... f5 {[%cal Gf5f4]} 16. Nc4 (16. c6 Ndf6 17.
cxb7 Bxb7 $132) (16. exf5 $6 gxf5 17. Nb3 (17. f3 Qh4+ $17 {[%csl Rb4]}) 17...
f4 18. Bd2 e4 $17) 16... f4 $5 (16... fxe4 $5 17. Qc1 {[%cal Gc1h6]} Kh7 (17...
Qh4 18. g3 Qe7 19. Nxe4 $14) 18. Nxe4 Nef6 19. Nc3 Qe7 20. cxd6 cxd6 21. Be2
$14) 17. Bc1 dxc5 18. bxc5 Nxc5 19. Ba3 b6 20. Bxc5 bxc5 21. Qa5 {[%csl Gc3,
Gc4,Rc5,Rc7,Rg7] Inspite of intersting Black ideas White still has a small
advantage. Black Bg7 is passive, PPc7 and c5 are weak.} (21. Be2 $6 Qg5 $1 22.
Bf3 Nd6 23. Nd2 $15) 21... f3 $5 {Weakening kingside, 0-0 will be very
dangerous for White.} 22. g3 Qe7 23. Bd3 h5 $1 {[%cal Gg7h6,Gh6c1,Gh5h4] In
order to improve Bg7 location through h6.} 24. h4 $5 {Helps to Black to open
position on the kingside. In other hand, after g6-g5 promotion Rh1 will attack
new weakness Ph5} ({Interesting was immediately to play} 24. Na4 $1 h4 25. gxh4
Qxh4 26. Nxc5 Qg5 {[%cal Gg5g2,Gg5c1]} (26... Kh7 27. Bc2 Nd6 28. Nd2 Rf7 29.
Bd1 Bg4 30. Qc3 Qh5 31. Nf1 $16) 27. Ne3 $1 $14) 24... Bh6 $1 {[%cal Gg6g5]}
25. Na4 Nd6 26. Nxc5 (26. Qc3 $6 Nf7 27. Qa5 $11) 26... g5 $6 (26... Rd8 $142
27. Na6 (27. O-O g5 $1 28. hxg5 Bxg5 {[%cal Gh5h4]} 29. Qc3 $132 (29. Ne6 $132)
) 27... Bxa6 28. Qxa6 Nxc4 29. Qxc4 (29. Qxg6+ Bg7 30. Bxc4 Qb4+ $19) 29... Kh7
30. O-O Ra8 31. Rb1 $14 {[%csl Rc7,Rf3]}) 27. Ne6 $4 $19 {Terrible move.
Position, of course, is too complicated to be calculated well. But 30-th Black
move Rf8-b8 after Bxe6 grandmaster like Krasenkow had to take into account...}
({Natural was} 27. hxg5 $1 Qxg5 28. Qc3 {[%csl Rg8][%cal Gh1h5] and White
leaves with advantage:} Bg4 $5 (28... Bg7 29. Ne6 $1 Bxe6 30. dxe6 Nb5 31. Qd2
Qg6 (31... Qxd2+ 32. Kxd2 Re8 (32... Nd4 33. Rxh5 $18) 33. Nxe5 Bxe5 34. Bxb5
Re7 35. Ke3 $18) 32. Ne3 Nd4 33. Nf5 Re8 34. Qd1 $1 {[%csl Rf3][%cal Gf5d4]}
Qxe6 35. Nxd4 exd4 36. Qxf3 Ra8 37. Qxh5 $16) 29. Ne3 $1 {Obscuring important
diagonal c1-h6!} (29. Nxd6 $6 cxd6 30. Ne6 Bxe6 31. dxe6 Rb8 $132) (29. Na5 $6
Qc1+ $132) 29... Ra8 30. Rh4 {[%csl Rg4][%cal Ge3g4,Gc5e6]} Bc8 31. Ne6 Bxe6
32. dxe6 $16 {[%csl Rc7,Rh5][%cal Gc3c7,Ge3d5]}) 27... Bxe6 28. dxe6 Nxc4 ({
Badly is} 28... g4 $2 29. Nxe5 Qxe6 30. O-O Bg7 31. Nc6 $132) 29. Bxc4 gxh4 30.
Rxh4 Rb8 $1 {[%csl Re1] This simple and strong move was overlooked by Misha.
Now Ke1 is too weak and won't survive..} 31. Ba2 (31. Bd3 Qg5 (31... Rb2 32.
Qa4 Qc5 33. Qe8+ $11) 32. Qc3 (32. Kf1 Rb2 {[%csl Rf1,Rf2]} 33. Qe1 Qd2 34.
Qxd2 Rxd2 $19) 32... Rb3 $19) 31... Rb2 $1 32. Qa4 Re2+ 33. Kd1 (33. Kf1 Bd2
$19) 33... Rxf2 34. Rxh5 (34. Rh1 Rd2+ 35. Ke1 Kg7 $1 $19 {[%cal Ge7d6,Ge7c5]})
34... Rf1+ (34... Qd6+ 35. Bd5 Rf1+ 36. Kc2 Qc5+ $19) 35. Kc2 Qc5+ 36. Kb3 Qe3+
37. Kb4 Qd4+ 38. Kb3 Qd3+ 39. Kb4 Bd2+ 40. Kc5 Rc1+ 0-1

[Event "Dos Hermanas-A"]
[Site "Dos Hermanas"]
[Date "2001.04.21"]
[Round "3"]
[White "Radjabov, Teimour"]
[Black "Smirin, Ilia"]
[Result "0-1"]
[WhiteElo "2533"]
[BlackElo "2691"]
[Annotator "Tsesarsky,I"]
[PlyCount "112"]
[EventDate "2001.04.19"]
[EventType "tourn"]
[EventRounds "9"]
[EventCountry "ESP"]
[EventCategory "16"]
[SourceTitle "CBM 083"]
[Source "ChessBase"]
[SourceDate "2001.07.05"]
[SourceVersion "1"]
[SourceVersionDate "2001.07.05"]
[SourceQuality "1"]

1. d4 Nf6 2. c4 g6 3. Nc3 Bg7 4. e4 d6 5. Nf3 O-O 6. Be2 e5 7. O-O Nc6 8. d5
Ne7 9. b4 Nh5 10. Re1 a5 11. bxa5 f5 12. Nd2 {[%cal Gh5f4,Gh5f6]} (12. Ng5 $6
Nf4 13. Bxf4 exf4 14. Rc1 Rxa5 15. Qd2 c6 $132 {1-0 Bunzmann,D-Voekler,B/
Seebad Heringsdorf GER 2000 (41)}) (12. c5 Nf4 {-see commented game 1-0
Sherbakov,R-Loskutov,O/Smolensk 2000/CBM 77 [Huzman,A] (42)}) 12... Nf6 {
Now Smirin prefers this continuation.} ({Badly is} 12... Nf4 $6 13. Nb3 $1 {
[%csl Ga5][%cal Gb3a5]} (13. Bf1 $1 Rxa5 {-see commented game 1-0 Golod,
V-Jaracz,P/Cappelle la Grande 2000/CBM 74 ext [Golod,V](39)}) 13... Nxe2+ 14.
Rxe2 f4 15. Rc2 {-see commented game 1-0 Mikhalevski,V-Smirin,I/Givatayim 1998/
CBM 65(Tsesarsky,I] (29)}) 13. f3 $5 {Interesting novelty.} ({Not badly looks
also} 13. Bd3 Rxa5 14. Nb3 Ra8 15. a4 fxe4 16. Nxe4 Nxe4 17. Bxe4 Nf5 18. c5
Bd7 19. a5 $14 {1/2-1/2 Golod,V-Smirin,I/Internet ICC 2000/EXT 2001 (63)}) ({
Worth of attention to accept P sacrifice by:} 13. exf5 $1 gxf5 (13... Nxf5 14.
Nb3 $14) 14. Nb3 $14 {and Black had to justify P lack.}) 13... Rxa5 14. Nb3 Ra8
15. c5 f4 $2 $16 ({Standard reaction on f2-f3 is} 15... Nh5 {[%csl Gf3][%cal
Ge2h5,Gh5f4] -using f2-f3 move, obscuring d1-h5 diagonal.}) 16. a4 g5 {Black's
plan is standard: to promote PP and to organize Attack on the kingside. In
other hand, White's activity is concentrated on the queenside. Who will be
first? Let's compare this position with another one from the same variations.
White's achievements on the queenside are more essential: White is ready to
attack Pd6 and to put R and Q on the c-line.} 17. Ba3 Ng6 18. a5 Nh4 19. cxd6
cxd6 20. Bb4 $2 {Too slowly! The time is money, especially in rhis type of
position!} (20. Na4 h5 21. Nb6 Rb8 22. Rc1 Ne8 23. Rc3 $16) (20. Nb5 Ra6 21.
Rc1 Ne8 22. Qc2 Bd7 23. Nc7 Ra7 24. Ne6 $16) 20... h5 21. Nd2 $2 $17 {Previous
move's idea...} ({Worth of attention was} 21. Na4 $1 {[%cal Ga4b6] with
complicated approximately equal play.} g4 22. Nb6 Rb8 (22... gxf3 23. Nxa8 fxe2
24. Qxe2 Bg4 25. Qf2 f3 26. Qxh4 Nxd5 27. Qxd8 f2+ 28. Kh1 fxe1=Q+ 29. Rxe1
Rxd8 30. exd5 Rxa8 31. Bxd6 Rd8 32. Bxe5 Rxd5 33. Bxg7 Kxg7 $44) 23. Nxc8 Rxc8
24. fxg4 hxg4 25. Bxg4 Nxg4 26. Qxg4 Rc2 27. Nd2 f3 28. Rec1 Rxc1+ 29. Rxc1
fxg2 30. Bxd6 Qxd6 31. Qxh4 Bh6 $44) 21... g4 22. Nc4 Ra6 23. Kh1 ({Here it
was possible to recieve 2 rooks and P for 3 pieces:} 23. Nxe5 $6 dxe5 24. Bxa6
bxa6 25. Bxf8 Bxf8 $17 {[%csl Rf3,Rg1,Rg2][%cal Gf8c5,Gc8h3] This position was
properly evaluated by White: Black has advantage.}) 23... Nh7 24. fxg4 {
Meets elegant refutation.} ({In case of} 24. Nb5 {Black also can play, like in
this game} Nxg2 $1 ({Of course, not} 24... gxf3 $2 25. Bxf3 (25. gxf3 Rf6 26.
Rg1 $16) 25... Nxf3 26. gxf3 Rf6 27. Rg1 $16) ({or} 24... Rf6 $2 25. Bxd6 Raxd6
26. Nbxd6 Rxd6 27. Nxd6 Qxd6 28. fxg4 $16) ({or} 24... Ng5 $2 25. Nbxd6 gxf3
26. Bxf3 $16) 25. Kxg2 Qh4 26. Rh1 $8 gxf3+ 27. Bxf3 Bh3+ 28. Kg1 Rf6 29. Ra2
Ng5 $17) 24... Nxg2 $1 25. Kxg2 hxg4 26. Kh1 ({Loses} 26. Bxg4 Qg5 27. h3 Nf6 (
27... f3+ $2 28. Kf2 Bxg4 29. hxg4 Qh4+ 30. Ke3 $16) 28. Kf1 Nxg4 29. hxg4 Bxg4
30. Qd2 Qh5 $1 {Preventing K escape to the queenside.} (30... Bh3+ $2 31. Ke2
f3+ 32. Kd3 $16) 31. Kg1 $8 Rf6 $19) 26... Qh4 27. Nd2 Ng5 28. Rg1 ({On} 28.
Bxa6 {goes} g3 $1 29. Re2 f3 $1 30. Nxf3 Nxf3 {[%cal Gf3h2]} 31. Raa2 $8 bxa6
32. Bxd6 Rf4 {[%cal Gh4h3]} 33. Bc5 Qh3 34. d6 Nxh2 35. Rxh2 Rf1+ 36. Bg1 gxh2
37. Rxh2 Rxd1 38. Rxh3 Rxg1+ 39. Kxg1 Bxh3 $19) 28... Nh3 29. Rf1 Rf6 30. Qe1 (
30. Bxa6 bxa6 31. Qe1 g3 32. Nf3 Qh5 33. Ra2 Bg4 34. Ng1 Rg6 $1 {Despite huge
material advantage White hasn't sufficient defence:} (34... Rh6 $2 35. Rg2 $8
Nxg1 36. Kxg1 f3 37. Qxg3 fxg2 38. Rf2 $132) 35. Rg2 Nxg1 36. Kxg1 (36. Rfxg1
Bf3 $19 {[%csl Rh2]}) 36... Bh3 $17) 30... Qh5 31. Rc1 (31. Bxa6 bxa6 32. Rc1
Rh6 $1 (32... g3 $2 $11 33. Ne2 Bg4 34. Nxg3 fxg3 35. Rxf6 Bxf6 36. Qxg3 Bh4
37. Rc8+ Kh7 (37... Kf7 38. Rc7+ Ke8 39. Qc3 Nf2+ 40. Kg1 Qg6 41. Kf1 Bh3+ 42.
Ke2 Bg4+ 43. Kf1 $11) 38. Rc7+ Kh8 (38... Kg6 39. Qg2 Nf2+ 40. Kg1 Nh3+ 41. Kh1
$11) (38... Kh6 39. Qe3+ Bg5 40. Qg3 Bf4 (40... Bh4 41. Qe3+ $11) 41. Qg2 $8
Be3 42. Bxd6 Nf2+ 43. Kg1 Nxe4+ 44. Kh1 Nxd2 45. Bf8+ Kg5 $132) 39. Qc3 Nf2+
40. Kg1 Qg6 41. Kf1 Bh3+ 42. Ke2 Qh5+ 43. Nf3 Nxe4 44. Rc8+ Bxc8 45. Qxc8+ Kg7
46. Qd7+ Kg8 $11) 33. Na4 Bd7 34. Nb6 Bb5 35. Ndc4 Ng5 36. Rc2 g3 $17) 31...
Rh6 32. Nd1 Ra8 33. Nf2 f3 $1 34. Nxh3 (34. Bxf3 gxf3 $17) 34... Qxh3 35. Rf2
$8 g3 $1 36. Nxf3 gxf2 37. Qxf2 Rg6 38. Bxd6 $2 $19 {Variations calculation
mistake.} ({Right was} 38. Rc7 Bg4 $17) 38... Rxd6 39. Ng5 Qd7 40. Bg4 Qe7 $1 (
40... Qxg4 $4 41. Qf7+ Kh8 42. Qe8+ Bf8 43. Qxf8#) 41. Bxc8 Qxg5 42. Rg1 Qf6
43. Bf5 Rxa5 44. Qc2 Ra8 45. Qc7 b5 46. Qb7 Rad8 (46... Rda6 47. Qxb5 Ra1 $19)
47. Qxb5 Rb6 48. Qc5 Rdb8 49. Rg6 Qxg6 (49... Rb1+ 50. Kg2 R1b2+ 51. Kh1 Qh4
52. Rxg7+ Kxg7 53. Qc7+ Kf8 54. Qd6+ Qe7 $19) 50. Bxg6 Rxg6 51. Qc2 Bh6 52. h4
Rf8 53. Qc4 Rf4 54. d6+ Kh8 55. Qc8+ Rg8 56. Qh3 Rxe4 0-1